000 00548nam a22001937a 4500
003 koha_MIRAKIL
005 20231213095856.0
008 231213b |||||||| |||| 00| 0 ||| d
020 _b978-6-05-360180-7
040 _aTR-IsEVY
_btur
_cTR-IsEVY
082 _a808.06831 ILG/B
100 _aIlgaz, Rıfat.
245 0 _aBacaksız tatil köyünde
260 _bTürkiye İş Bankası Kültür Yayınları,
_c2010
300 _a84 s.
650 _aChildren's literature -- Fiction.
650 _aÇocuk edebiyatı -- Roman.
942 _2ddc
_cBK
999 _c10889
_d10889